Préfectures de France : Pau - Statistiques

Statistiques générales
  • Ce quiz a été pris 40 fois
  • Le résultat moyen est 16 sur 32
Statistiques - réponses
Question Réponse % Correct
Quel numéro porte celui-ci ? 64
100%
Comment se nomment ses habitants ? Palois
95%
De quel département est-ce la préfecture ? Pyrénées-Atlantiques
95%
La ville appartient à l'académie de/d' Bordeaux
89%
En 1553, Pau voit naitre ce futur roi de France Henri IV
89%
Pau a été ville étape 75 fois du Tour de France
89%
A quelle région administrative appartient la ville depuis 2015 ? Nouvelle-Aquitaine
78%
Quelles sont les sous-préfectures qui en dépendent ? Bayonne
76%
Le principal cours d'eau de la ville est le gave de Pau
70%
Les communes limitrophes dont le nom contient un O sont Lons
68%
Potage fait à base de chou, de haricots blancs, de confit d'oie, de jambon ou de lard typique de la région garbure
65%
Les journaux locaux sont La République des Pyrénées
62%
Les journaux locaux sont Sud-Ouest
57%
Le berceau du roi né à Pau qu'on peut voir dans le château est une partie d'un animal, de quel animal ? Tortue
57%
Les communes limitrophes dont le nom contient un O sont Bizanos
51%
Les communes limitrophes dont le nom contient un O sont Morlaàs
46%
Quels animaux figurent sur le blason de la ville vaches
43%
Les communes limitrophes dont le nom contient un O sont Idron
41%
Quelles sont les sous-préfectures qui en dépendent ? Oloron-Sainte-Marie
41%
Il est découvert en 1957 à Lacq près de Pau gaz
38%
Les communes limitrophes dont le nom contient un O sont Jurançon
38%
Les communes limitrophes dont le nom contient un O sont Buros
32%
Les communes limitrophes dont le nom contient un O sont Gelos
32%
Le principal cours d'eau de la ville prend sa source au Cirque de Gavarnie
22%
Le premier club français de ce sport est fondé dans la ville par des Britanniques golf
22%
Les communes limitrophes dont le nom contient un O sont Mazères-Lezons
22%
Les communes limitrophes dont le nom contient un O sont Montardon
22%
Né en 1928, il est maire de la ville de 1971 à 2006 (prénom et nom) André Labarrère
19%
En 1763, un autre futur souverain voit le jour dans la ville Jean-Baptiste Bernadotte
19%
La ville appartient au diocèse de/d' Bayonne, Lescar, Oloron
0%
Les journaux locaux sont L'Eclair Pyrénées
0%
Au XIIe siècle, la ville est appelée Pado
0%
Aucun quiz correspondant
Distribution des résultats
% des personnes avec chaque résultat
Percentile par nombre de réponses
Votre historique - résultats
Vous n’avez pas pris ce quiz